Normal view
MARC view
Entry Personal Name
001 - CONTROL NUMBER
- control field: 58713
003 - CONTROL NUMBER IDENTIFIER
- control field: dpl
005 - DATE AND TIME OF LATEST TRANSACTION
- control field: 20231115144713.0
008 - FIXED-LENGTH DATA ELEMENTS
- fixed length control field: 231115|| aca||aabn | a|a d
040 ## - CATALOGING SOURCE
- Original cataloging agency: dpl
- Transcribing agency: dpl
100 ## - HEADING--PERSONAL NAME
- Personal name: Kataria, S.K
670 ## - SOURCE DATA FOUND
- Source citation: Work cat.: (dpl)199093: Kataria, S.K, K Krishnamurthy The Indian Act/, 2021
